|
|
|
|
| LEADER |
00000cab a2200000 a 4500 |
| 001 |
vtls010357070 |
| 003 |
SK-MaSNL |
| 005 |
20260305005459.0 |
| 008 |
250507|2012 xo ||||||| |||| ||slo| |
| 015 |
|
|
|a SNBRB2012/04
|
| 035 |
|
|
|a (uuid)1f8823db-8065-4410-bce0-c8fca6527d91
|
| 035 |
|
|
|a urn:nbn:sk:snk-abc7f7
|
| 035 |
|
|
|a (urnnbn)urn:nbn:sk:snk:ar-000p81
|
| 038 |
|
|
|a SNKBUCL
|
| 040 |
|
|
|a SNKBUCL
|b slo
|c SNKBUCL
|e AACR2
|
| 041 |
0 |
|
|a slo
|
| 044 |
|
|
|a xo
|c SK
|
| 080 |
|
|
|a 821.162.4-051
|2 2001
|
| 080 |
|
|
|a 929 Jarunková, Klára
|2 2001
|
| 100 |
1 |
|
|a Petrík, Vladimír,
|d 1929-2017
|4 aut
|9 171168
|
| 245 |
1 |
0 |
|a K nedožitej deväťdesiatke Kláry Jarunkovej
|c Vladimír Petrík
|
| 300 |
|
|
|b Fotogr.
|
| 600 |
1 |
7 |
|a Jarunková, Klára,
|d 1922-2005
|2 SNKMA
|9 87312
|
| 655 |
|
7 |
|a nekrológy
|2 SNKPH
|9 402542
|
| 773 |
0 |
|
|t Knižnica
|g Roč. 13, č. 4 (2012), s. 58
|x 1335-7026
|
| 850 |
|
|
|a Slovenská národná knižnica
|
| 852 |
|
|
|a Slovenská národná knižnica
|
| 856 |
4 |
0 |
|u http://www.snk.sk/images/snk/casopis_kniznica/2012/april/61.pdf
|
| 954 |
|
|
|a odborná, vedecká literatúra pôvodná (slovenská)
|2 lita
|
| 958 |
|
|
|a article15
|
| 958 |
|
|
|a OND
|
| 958 |
|
|
|a BX
|
| 958 |
|
|
|a LX
|
| 958 |
|
|
|a PETRIKApj/2012
|
| 958 |
|
|
|a EUIPO
|
| 999 |
|
|
|c 3240713
|d 3242643
|